Kedy je značka úspešná ?

Príležitosť pre výrobcov privátnych značiek nebola nikdy lepšia ako dnes. Pozície maloobchodných značiek v rôznych častiach sveta. Kto je najnáchylnejší kupovať maloobchodné značky. 4C úspechu privátnych značiek: krajina, výrobková kategória, spotrebitelia, zákazníci.

Salvato in:
Dettagli Bibliografici
Autore principale: Môciková, Renata
Natura: Capitolo di libro
Lingua:slovacco
Soggetti:
Tags: Aggiungi Tag
Nessun Tag, puoi essere il primo ad aggiungerne!!

MARC

LEADER 00000naa$a2200000$$$4500
001 0022769
005 20231004064954.9
041 0 |a slo 
044 |a SK 
245 1 0 |a Kedy je značka úspešná ?  |c Renata Môciková 
520 |a Príležitosť pre výrobcov privátnych značiek nebola nikdy lepšia ako dnes. Pozície maloobchodných značiek v rôznych častiach sveta. Kto je najnáchylnejší kupovať maloobchodné značky. 4C úspechu privátnych značiek: krajina, výrobková kategória, spotrebitelia, zákazníci. 
610 2 0 |a značky maloobchodné 
610 2 0 |a značky výrobkov 
610 2 0 |a svet 
100 1 |a Môciková, Renata